Parametric and nonparametric inference from record-breaking data (Record no. 62137)

MARC details
000 -LEADER
fixed length control field 00863nam a2200301Ia 4500
003 - CONTROL NUMBER IDENTIFIER
control field OSt
005 - DATE AND TIME OF LATEST TRANSACTION
control field 20220912151134.0
008 - FIXED-LENGTH DATA ELEMENTS--GENERAL INFORMATION
fixed length control field 220909b |||||||| |||| 00| 0 eng d
020 ## - INTERNATIONAL STANDARD BOOK NUMBER
International Standard Book Number 0387001387 (hbd)
037 ## - SOURCE OF ACQUISITION
Terms of availability Textbook
040 ## - CATALOGING SOURCE
Original cataloging agency CSL
Language of cataloging eng
Transcribing agency CSL
041 ## - LANGUAGE CODE
Language code of text/sound track or separate title eng
100 ## - MAIN ENTRY--PERSONAL NAME
Personal name Gulati Sneh
245 #0 - TITLE STATEMENT
Title Parametric and nonparametric inference from record-breaking data
260 ## - PUBLICATION, DISTRIBUTION, ETC.
Place of publication, distribution, etc. New York
Name of publisher, distributor, etc. Springer-Verlag
Date of publication, distribution, etc. 2003
300 ## - PHYSICAL DESCRIPTION
Extent viii,113p.
Dimensions cm.
490 ## - SERIES STATEMENT
Series statement Lecture notes in statistics; 172
500 ## - GENERAL NOTE
General note Index 111-113p
650 ## - SUBJECT ADDED ENTRY--TOPICAL TERM
Topical term or geographic name entry element Statistics
650 ## - SUBJECT ADDED ENTRY--TOPICAL TERM
Topical term or geographic name entry element Sequential analysis
700 ## - ADDED ENTRY--PERSONAL NAME
Personal name Padgett William J
942 ## - ADDED ENTRY ELEMENTS (KOHA)
Classification part B287, P3 TB28
Koha item type Textbook
Source of classification or shelving scheme Colon Classification (CC)
Holdings
Withdrawn status Lost status Damaged status Not for loan Home library Current library Date acquired Total Checkouts Full call number Barcode Date last seen Price effective from Koha item type
        Central Science Library Central Science Library 2022-09-12   B287 P3 TB28 SL1289065 2022-09-12 2022-09-12 Textbook
Copyright @ Delhi University Library System